[Event "Tournament (Elo)"]
[Site "Mulhouse (France)"]
[Date "2004.07.05"]
[Round "7"]
[White "Rost Thibaut (FRA)"]
[Black "Lengert Martin (FRA)"]
[Result "1-0"]
[WhiteElo "2065"]
[BlackElo "1956"]

1.e4 e6 2.d4 d5 3.Nd2 Nf6 4.e5 Nfd7 5.Bd3 c5 6.c3 Nc6 7.Ne2 Qb6 8.Nf3 cxd4
9.cxd4 Be7 10.b3 O-O 11.O-O Re8 12.Ng5 Nf8 13.Kh1 h6 14.Nf3 Bd7 15.Be3 Nh7
16.Qb1 Nf8 17.g4 Qd8 18.Rg1 Nb4 19.g5 hxg5 20.Nxg5 Nxd3 21.Qxd3 g6 22.h4 Nh7
23.Nxf7 {#r} 1-0

[Event "Tournament (c)"]
[Site "Bethune (France)"]
[Date "2004.07.06"]
[Round "4"]
[White "Vautrelle Philippe (FRA)"]
[Black "Pigeon Herve (FRA)"]
[Result "0-1"]
[WhiteElo "2030"]
[BlackElo "1922"]

1.e4 e6 2.d4 d5 3.Nd2 Nf6 4.e5 Nfd7 5.Bd3 c5 6.c3 Nc6 7.Ne2 cxd4 8.cxd4 Qb6
9.Nf3 f6 10.exf6 Nxf6 11.a3 Bd6 12.b4 e5 13.dxe5 Nxe5 14.Nxe5 Bxe5 15.Ra2 Ng4
16.Ng3 Bc3+ 17.Kf1 O-O 18.f3 Bd7 19.h3 Ne5 20.Be2 Be6 21.Bb2 Rac8 22.Qa1 Qe3
23.Bc1 Qd4 24.Qb1 Qh4 {#R} 0-1

[Event "It (open)"]
[Site "Olomouc (Czech Republic)"]
[Date "2004.07.12"]
[Round "9"]
[White "Laubsch Bernd (GER)"]
[Black "Berescu Alin (ROM)"]
[Result "0-1"]
[WhiteElo "2275"]
[BlackElo "2424"]

1.e4 e6 2.d4 d5 3.Nd2 Nf6 4.e5 Nfd7 5.c3 c5 6.Bd3 Nc6 7.Ne2 cxd4 8.cxd4 f6
9.exf6 Nxf6 10.Nf3 Bd6 11.O-O O-O 12.Bg5 Bd7 13.Nc3 a6 14.Re1 Kh8 15.a3 Qc7
16.Rc1 Ng4 17.h3 Bh2+ 18.Kf1 Nxf2 19.Kxf2 Qg3+ 20.Kf1 Nxd4 21.Be4 dxe4 22.Bh4
Rxf3+ 23.Qxf3 Qxh4 24.Rxe4 Nxf3 {#R} 0-1

[Event "It (open)"]
[Site "Marin (Spain)"]
[Date "2004.07.20"]
[Round "8"]
[White "Rizouk Aimen (ALG)"]
[Black "Pecorelli Garcia Humberto (CUB)"]
[Result "1-0"]
[WhiteElo "2465"]
[BlackElo "2399"]

1.e4 e6 2.d4 d5 3.Nd2 Nf6 4.e5 Nfd7 5.Bd3 c5 6.c3 Nc6 7.Ne2 cxd4 8.cxd4 f6
9.exf6 Nxf6 10.Nf3 Bd6 11.O-O O-O 12.Bf4 Bxf4 13.Nxf4 Ng4 14.g3 Qf6 15.h4 Nh6
16.Re1 Nf7 17.Bb5 Ne7 18.Rc1 Nf5 19.Bd3 Kh8 20.Rxc8 Raxc8 21.Rxe6 {#r} 1-0

[Event "It"]
[Site "Rio de Janeiro (Brazil)"]
[Date "2004.07.21"]
[Round "2"]
[White "Brunner Alfonso (ESP)"]
[Black "Teixeira Ricardo Da Silva (BRA)"]
[Result "0-1"]
[WhiteElo "2083"]
[BlackElo "2392"]

1.e4 e6 2.d4 d5 3.Nd2 Nf6 4.e5 Nfd7 5.Bd3 c5 6.c3 Nc6 7.Ndf3 cxd4 8.cxd4 f6
9.exf6 Nxf6 10.Ne2 Bd6 11.O-O Qc7 12.Re1 O-O 13.Bd2 Ng4 14.Be3 Bxh2+ 15.Kf1 e5
16.dxe5 Nxe3+ 17.fxe3 Nxe5 18.Nd4 Bg3 19.Re2 Qf7 20.Rd2 Bg4 21.Be2 Qh5 {#R}
0-1

[Event "It (open)"]
[Site "Cullera (Spain)"]
[Date "2004.07.23"]
[Round "4"]
[White "Monserrats Castell Julio (ESP)"]
[Black "Martin Perez Javier (ESP)"]
[Result "0-1"]
[WhiteElo "1961"]
[BlackElo "2232"]

1.e4 e6 2.d4 d5 3.Nd2 Nf6 4.e5 Nfd7 5.Bd3 c5 6.c3 Nc6 7.Ne2 cxd4 8.cxd4 f6
9.f4 fxe5 10.fxe5 Nxd4 11.O-O Qb6 12.Kh1 Nxe5 13.Qa4+ Bd7 14.Qxd4 Qxd4 15.Nxd4
Nxd3 16.N2f3 Be7 17.Be3 O-O 18.Rfd1 Nxb2 19.Rdb1 Nc4 20.Rxb7 Nxe3 21.Rxd7 Bf6
{#R} 0-1

[Event "It (open)"]
[Site "Charleroi (Belgium)"]
[Date "2004.07.30"]
[Round "1"]
[White "Karpatchev Aleksandr (RUS)"]
[Black "Krasucki Youri (BEL)"]
[Result "1-0"]
[WhiteElo "2488"]
[BlackElo "2005"]

1.e4 e6 2.d4 d5 3.Nd2 Nf6 4.e5 Nfd7 5.c3 c5 6.Bd3 Nc6 7.Ndf3 Qb6 8.Ne2 cxd4
9.cxd4 Bb4+ 10.Bd2 Bxd2+ 11.Qxd2 Qb4 12.O-O f6 13.exf6 Nxf6 14.Nc3 a6 15.Rfe1
O-O 16.Rad1 Qd6 17.Ne5 b5 18.Bb1 Ra7 19.Qg5 Rc7 20.Qh4 b4 21.Na4 Nxd4 22.Qxd4
{#r} 1-0

[Event "It (open)"]
[Site "Figueres (Spain)"]
[Date "2004.08.11"]
[Round "3"]
[White "Marholev Dimitar (BUL)"]
[Black "Mayo Casademont Marti (ESP)"]
[Result "1-0"]
[WhiteElo "2359"]
[BlackElo "2021"]

1.e4 e6 2.d4 d5 3.Nd2 Nf6 4.e5 Nfd7 5.Bd3 c5 6.c3 Nc6 7.Ne2 cxd4 8.cxd4 f6
9.exf6 Nxf6 10.Nf3 Bd6 11.O-O Qc7 12.Bg5 O-O 13.Bh4 Nh5 14.Qb1 Kh8 15.Bxh7
Rxf3 16.gxf3 g5 17.Bg6 gxh4 18.Bxh5 Nxd4 19.Nxd4 Qg7+ 20.Qg6 Qxd4 21.Qh6+ Kg8
22.Kh1 Bf8 23.Rg1+ Bg7 24.Rxg7+ {#r} 1-0

[Event "It (open)"]
[Site "Vlissingen (Netherlands)"]
[Date "2004.08.13"]
[Round "8"]
[White "Decrop Ruben (BEL)"]
[Black "Van Hoeve Ab (NED)"]
[Result "0-1"]
[WhiteElo "1971"]
[BlackElo "2173"]

1.e4 e6 2.d4 d5 3.Nd2 Nf6 4.e5 Nfd7 5.Bd3 c5 6.c3 Nc6 7.Ne2 cxd4 8.cxd4 f6
9.Nf4 Nxd4 10.Qh5+ Ke7 11.Ng6+ hxg6 12.exf6+ Nxf6 13.Qxh8 Kf7 14.O-O e5 15.Nf3
Nxf3+ 16.gxf3 Bf5 17.Rd1 Bxd3 18.Rxd3 Nh5 19.Be3 Qa5 20.b4 Qb5 21.Rc3 Re8
22.Rc7+ Be7 23.Bg5 Rxh8 24.Rxe7+ Kg8 {#R} 0-1

[Event "Ch England (team) 2004/05 (2 div)"]
[Site "England"]
[Date "2004.09.18"]
[Round "1"]
[White "Player Edmund C (ENG)"]
[Black "Berry Neil (SCO)"]
[Result "0-1"]
[WhiteElo "2143"]
[BlackElo "2228"]

1.e4 e6 2.d4 d5 3.Nd2 Nf6 4.e5 Nfd7 5.c3 c5 6.Bd3 Nc6 7.Ne2 cxd4 8.cxd4 f6
9.exf6 Nxf6 10.Nf3 Bd6 11.O-O O-O 12.Nc3 e5 13.dxe5 Nxe5 14.Be2 Kh8 15.Bg5 Be6
16.Nd4 Bg8 17.Qb3 Nc6 18.Qa4 Qe8 19.Bf3 Qe5 20.Nxc6 Qxh2# 0-1

[Event "It (open)"]
[Site "Goch (Germany)"]
[Date "2004.10.02"]
[Round "4"]
[White "Cevik Guersal (GER)"]
[Black "Schulz Kai Tober (GER)"]
[Result "0-1"]
[WhiteElo "1985"]
[BlackElo "2051"]

1.e4 e6 2.d4 d5 3.Nd2 Nf6 4.e5 Nfd7 5.Bd3 c5 6.c3 Nc6 7.Ne2 Qb6 8.Nf3 cxd4
9.cxd4 f6 10.exf6 Nxf6 11.O-O Bd6 12.Re1 O-O 13.Bb1 e5 14.dxe5 Nxe5 15.Nxe5
Bxe5 16.Nc3 Bxh2+ 17.Kh1 Qxf2 18.Nxd5 Ng4 19.Ne7+ Kh8 20.Bg5 Bg3 21.Be4 Qc5
22.Qd5 Nf2+ 23.Kg1 Nh3+ 24.Kh1 Qg1+ {#R} 0-1

[Event "Olympiad"]
[Site "Calvia (Spain)"]
[Date "2004.10.22"]
[Round "7"]
[White "Baules Jorge (PAN)"]
[Black "Phillips Roy (MRI)"]
[Result "0-1"]
[WhiteElo "2275"]
[BlackElo "2229"]

1.e4 e6 2.d4 d5 3.Nd2 Nf6 4.e5 Nfd7 5.Bd3 c5 6.c3 Nc6 7.Ne2 cxd4 8.cxd4 f6
9.exf6 Nxf6 10.O-O Bd6 11.Nf3 Qc7 12.Nc3 a6 13.Bg5 O-O 14.Bh4 Nh5 15.Rc1 g6
16.Re1 Qg7 17.Bb1 Bd7 18.Ne5 Rf4 19.Nf3 Nxd4 20.Bg3 Nxf3+ 21.gxf3 Raf8 22.Bxf4
Nxf4 23.Ne4 Qh6 {#R} 0-1

[Event "Tournament (weekend)"]
[Site "Gorgonzola (Italy)"]
[Date "2004.11.14"]
[Round "2"]
[White "Martinez Rolly (PHI)"]
[Black "Astengo Corrado (ITA)"]
[Result "1-0"]
[WhiteElo "2360"]
[BlackElo "2134"]

1.e4 e6 2.d4 d5 3.Nd2 Nf6 4.e5 Nfd7 5.Bd3 c5 6.c3 Nc6 7.Ne2 cxd4 8.cxd4 f6
9.exf6 Nxf6 10.Nf3 Bd6 11.O-O O-O 12.Bf4 Bxf4 13.Nxf4 Ne4 14.g3 Qf6 15.h4 Bd7
16.Re1 Nd6 17.Ng5 Rfe8 18.Bxh7+ {#r} 1-0

[Event "Czech League 2004/05 (2nd) (a)"]
[Site "Czech Republic"]
[Date "2004.12.05"]
[Round "4"]
[White "Pokora Lubomir (CZE)"]
[Black "Blecha Milan (CZE)"]
[Result "0-1"]
[WhiteElo "1997"]
[BlackElo "2190"]

1.e4 e6 2.d4 d5 3.Nd2 Nf6 4.e5 Nfd7 5.Bd3 c5 6.c3 Nc6 7.Ne2 cxd4 8.cxd4 f6
9.Nf4 Nxd4 10.Qh5+ Ke7 11.Ng6+ hxg6 12.exf6+ Nxf6 13.Qxh8 Kf7 14.f4 Bd7 15.Qh4
Qb6 16.Qg5 Ne4 17.Nxe4 dxe4 18.Bxe4 Bb4+ 19.Kf2 Nf5+ 20.Kf3 Bc6 21.Rd1 Bxe4+
22.Kxe4 Qc6+ 23.Kd3 Qb5+ 24.Ke4 {#R} 0-1

[Event "It (open) (w)"]
[Site "Zadar (Croatia)"]
[Date "2004.12.14"]
[Round "2"]
[White "Sambolec Andreja (CRO)"]
[Black "Matusan Ivana (CRO)"]
[Result "1-0"]
[WhiteElo "1863"]
[BlackElo "1918"]

1.e4 e6 2.d4 d5 3.Bd3 Nf6 4.e5 Nfd7 5.Ne2 c5 6.c3 Nc6 7.Nd2 Qb6 8.Nf3 cxd4
9.cxd4 Be7 10.O-O O-O 11.a3 f6 12.exf6 Nxf6 13.Re1 Bd7 14.Nf4 Nd8 15.Ne5 Re8
16.Nxd7 Nxd7 17.Qh5 Nf6 18.Bxh7+ Nxh7 19.Qxe8+ Bf8 20.Nxe6 {#r} 1-0

[Event "It \"]
[Site "Werther (Germany)"]
[Date "2005.03.19"]
[Round "2"]
[White "Kalla Christian (GER)"]
[Black "Ott Mathias (GER)"]
[Result "1-0"]
[WhiteElo "1934"]
[BlackElo "2012"]

1.e4 e6 2.d4 d5 3.Nd2 Nf6 4.e5 Nfd7 5.Bd3 c5 6.c3 Nc6 7.Ne2 cxd4 8.cxd4 f6
9.exf6 Nxf6 10.Nf3 Bd6 11.O-O Qc7 12.Bg5 O-O 13.Bh4 Bd7 14.Bg3 Ng4 15.Qc2 h6
16.Bh7+ Kh8 17.Nh4 Be8 18.Ng6+ Bxg6 19.Bxg6 Nxh2 20.Kxh2 Bxg3+ 21.fxg3 {#r}
1-0

[Event "It (open)"]
[Site "Nogent le Rotrou (France)"]
[Date "2005.03.26"]
[Round "3"]
[White "Lorieux Christian (FRA)"]
[Black "Dallet Didier (FRA)"]
[Result "1-0"]
[WhiteElo "2015"]
[BlackElo "2088"]

1.e4 e6 2.d4 d5 3.Nd2 Nf6 4.e5 Nfd7 5.Bd3 c5 6.c3 Nc6 7.Ne2 cxd4 8.cxd4 Be7
9.a3 O-O 10.Nf3 a5 11.Nf4 Nb6 12.h4 f6 13.Bxh7+ Kxh7 14.Ng5+ fxg5 15.Qh5+ Kg8
16.hxg5 Bb4+ 17.axb4 Rxf4 18.Bxf4 Qf8 19.g6 Qxb4+ 20.Bd2 Qxd2+ 21.Kxd2 Nc4+
22.Kc3 {#r} 1-0

[Event "Ch France (juniors)"]
[Site "Calvi (France)"]
[Round "4"]
[White "Penalver Marion (FRA)"]
[Black "Roos Eliane (FRA)"]
[Result "1-0"]
[WhiteElo "1897"]
[BlackElo "1779"]

1.e4 e6 2.d4 d5 3.Nd2 Nf6 4.e5 Nfd7 5.Bd3 c5 6.c3 cxd4 7.cxd4 Nc6 8.Ne2 Be7
9.O-O f6 10.exf6 Bxf6 11.Nf3 O-O 12.Nf4 Re8 13.Bc2 Nf8 14.Re1 Qb6 15.Nxd5 Qd8
16.Nxf6+ Qxf6 17.Bg5 Qf7 18.Bb3 Na5 19.Ne5 Qc7 20.Rc1 Qb6 21.Qf3 {#r} 1-0

[Event "Cup Belgrade 2005 (team)"]
[Site "Belgrade (Yugoslavia)"]
[Date "2005.04.07"]
[Round "3"]
[White "Lazic Milan (SRB)"]
[Black "Matic Petar (SRB)"]
[Result "0-1"]
[WhiteElo "2093"]
[BlackElo "2240"]

1.e4 e6 2.d4 d5 3.Nd2 Nf6 4.e5 Nfd7 5.Bd3 c5 6.c3 Nc6 7.Ne2 cxd4 8.cxd4 Qb6
9.Nf3 f6 10.exf6 Nxf6 11.O-O Bd6 12.b3 O-O 13.Ng3 e5 14.dxe5 Nxe5 15.Nxe5 Bxe5
16.Ba3 Rf7 17.Rb1 Ng4 18.Qc2 Bxg3 19.hxg3 Qh6 20.Rfe1 Bd7 21.f4 Qh2+ 22.Kf1
Qxg3 23.Bxh7+ Kh8 24.Bd6 Bb5+ {#R} 0-1

[Event "It (open)"]
[Site "Ostrava (Czech Republic)"]
[Date "2005.05.08"]
[Round "9"]
[White "Micka Jaroslav (CZE)"]
[Black "Plesnik Miroslav (CZE)"]
[Result "0-1"]
[WhiteElo "1909"]
[BlackElo "1999"]

1.e4 e6 2.d4 d5 3.Nd2 Nf6 4.e5 Nfd7 5.Bd3 c5 6.c3 Nc6 7.Ne2 cxd4 8.cxd4 f5
9.exf6 Nxf6 10.O-O Bd6 11.Nf3 O-O 12.Bf4 Nh5 13.Bxd6 Qxd6 14.Nc3 Nf4 15.Bb1 e5
16.dxe5 Nxe5 17.Nxe5 Qxe5 18.g3 Nh3+ 19.Kh1 Rxf2 {#R} 0-1

[Event "It (open) \"]
[Site "Neiva (Colombia)"]
[Date "2005.05.11"]
[Round "2"]
[White "Contreras Henry (COL)"]
[Black "Sanchez Castillo Sarai (VEN)"]
[Result "1-0"]
[WhiteElo "2311"]
[BlackElo "2169"]

1.e4 e6 2.d4 d5 3.Nd2 Nf6 4.e5 Nfd7 5.Bd3 c5 6.c3 Nc6 7.Ne2 Qb6 8.Nf3 cxd4
9.cxd4 f6 10.Nf4 fxe5 11.Nxe6 e4 12.Bf4 Nde5 13.Nxe5 Bxe6 14.Nxc6 bxc6 15.Be2
Bb4+ 16.Kf1 O-O 17.Be3 c5 18.a3 cxd4 19.Qxd4 Bd6 20.Rd1 Qb3 21.g4 Be5 22.Kg2
Qb8 23.Rd2 {#r} 1-0

[Event "Ch Germany (juniors) (under 12)"]
[Site "Willingen (Germany)"]
[Date "2005.05.19"]
[Round "9"]
[White "Gheng Hannelore (GER)"]
[Black "Billing Alexander (GER)"]
[Result "0-1"]
[WhiteElo "1691"]
[BlackElo "1714"]

1.e4 e6 2.d4 d5 3.Nd2 Nf6 4.Bd3 c5 5.c3 Nc6 6.Ne2 Qb6 7.e5 Nd7 8.Nf3 cxd4
9.cxd4 f6 10.exf6 Nxf6 11.O-O Bd6 12.Re1 O-O 13.Nc3 Bd7 14.Na4 Qc7 15.Nc5 Nxd4
16.Nxd4 Bxc5 17.Nxe6 Bxf2+ 18.Kxf2 Ng4+ 19.Ke2 Rf2# 0-1

[Event "Ch Romania (team) A"]
[Site "Tusnad (Romania)"]
[Date "2005.05.21"]
[Round "1"]
[White "Murariu Andrei (ROM)"]
[Black "Madan Augustin (ROM)"]
[Result "1-0"]
[WhiteElo "2441"]
[BlackElo "2388"]

1.e4 e6 2.d4 d5 3.Nd2 Nf6 4.e5 Nfd7 5.Bd3 c5 6.c3 Nc6 7.Ne2 cxd4 8.cxd4 Nb6
9.O-O Bd7 10.Nf3 h6 11.Nf4 a5 12.Nh5 Rc8 13.Bb1 a4 14.g3 Ne7 15.Nh4 Qc7 16.Bd3
Nf5 17.Qg4 g6 18.Nxg6 {#r} 1-0

[Event "Ch England (team) 2004/05 (4 div)"]
[Site "England"]
[Date "2005.05.30"]
[Round "11"]
[White "Thompson Brian (ENG)"]
[Black "Rutter Nicholas"]
[Result "1-0"]
[WhiteElo "1956"]
[BlackElo "1980"]

1.e4 e6 2.d4 d5 3.Nd2 Nf6 4.e5 Nfd7 5.Bd3 c5 6.c3 Qb6 7.Ne2 Nc6 8.Nf3 cxd4
9.cxd4 Bb4+ 10.Bd2 f6 11.exf6 Nxf6 12.O-O O-O 13.Re1 e5 14.Bxb4 Qxb4 15.dxe5
Ne4 16.Nc3 Rxf3 17.Qxf3 Nxe5 18.Qh5 {#r} 1-0

[Event "It (open)"]
[Site "Bajada de la Virgen (Spain)"]
[Date "2005.06.13"]
[Round "1"]
[White "Kolev Atanas (BUL)"]
[Black "Gutierrez Olivares Daniel (ESP)"]
[Result "1-0"]
[WhiteElo "2559"]
[BlackElo "2111"]

1.e4 e6 2.d4 d5 3.Nd2 Nf6 4.e5 Nfd7 5.Bd3 c5 6.c3 Nc6 7.Ne2 cxd4 8.cxd4 f6
9.exf6 Nxf6 10.Nf3 Bd6 11.O-O O-O 12.Bf4 Qc7 13.Bxd6 Qxd6 14.Ng3 e5 15.dxe5
Nxe5 16.Nxe5 Qxe5 17.Qb3 Be6 18.Rfe1 Qd6 19.Re2 Nd7 20.Qxb7 Nc5 21.Qb4 Rab8
22.Qa3 Bg4 23.Rc2 Nb7 24.Qxa7 {#r} 1-0

[Event "Cup Torch Real Estate"]
[Site "Xiapu (China)"]
[Date "2005.06.21"]
[Round "14"]
[White "Wang Yuan (CHN)"]
[Black "Zhukova Natalia (UKR)"]
[Result "0-1"]
[WhiteElo "1989"]
[BlackElo "2466"]

1.e4 e6 2.d4 d5 3.Nd2 Nf6 4.e5 Nfd7 5.Bd3 c5 6.c3 Nc6 7.Ne2 cxd4 8.cxd4 f6
9.exf6 Nxf6 10.Nf3 Bd6 11.O-O Qc7 12.Re1 O-O 13.Ng3 Bd7 14.Bg5 Ng4 15.Be3 Nxe3
16.Rxe3 Bf4 17.Re1 g6 18.Nh4 Qd8 19.Qg4 e5 20.Ngf5 Bg5 21.Qg3 e4 22.f4 Bxf5
23.fxg5 exd3 {#R} 0-1

[Event "It (open)"]
[Site "Kranj (Slovenia)"]
[Date "2005.07.02"]
[Round "5"]
[White "Gruskovnjak Tomislav (SLO)"]
[Black "Medved Alfonz (SLO)"]
[Result "1-0"]
[WhiteElo "2307"]
[BlackElo "2076"]

1.e4 e6 2.d4 d5 3.Nd2 Nf6 4.e5 Nfd7 5.Bd3 c5 6.c3 Nc6 7.Ne2 cxd4 8.cxd4 f6
9.exf6 Nxf6 10.Nf3 Bd6 11.O-O O-O 12.Bg5 Qc7 13.Bh4 Nh5 14.Qc2 g6 15.Bxg6 hxg6
16.Qxg6+ Ng7 17.Ng5 Rf5 18.Qh7+ Kf8 19.Qh8+ Ke7 20.Qxg7+ Ke8 21.Qg6+ Kd7
22.Qxe6+ {#r} 1-0

[Event "Spartakiada Russia (juniors) (g)"]
[Site "Satka (Russia)"]
[Date "2005.07.03"]
[Round "6"]
[White "Miloserdova Irina (RUS)"]
[Black "Meleshko Tatiana (RUS)"]
[Result "1-0"]
[WhiteElo "2070"]
[BlackElo "2126"]

1.e4 e6 2.d4 d5 3.Nd2 Nf6 4.e5 Nfd7 5.Bd3 c5 6.c3 Nc6 7.Ne2 Qb6 8.Nf3 cxd4
9.cxd4 f6 10.exf6 Nxf6 11.O-O Bd6 12.Nc3 O-O 13.h3 Bd7 14.Be3 Rac8 15.Qd2 Na5
16.Ne5 Be8 17.f4 Nd7 18.Qe2 Nxe5 19.fxe5 Rxf1+ 20.Rxf1 Be7 21.Qg4 Rd8 22.Bh6
g6 23.Qf4 Qb4 24.a3 {#r} 1-0

[Event "Tournament (Elo)"]
[Site "Budapest (Hungary)"]
[Date "2005.07.08"]
[Round "7"]
[White "Winkelmann Elena (GER)"]
[Black "Graf Felix (GER)"]
[Result "0-1"]
[WhiteElo "2037"]
[BlackElo "2187"]

1.e4 e6 2.d4 d5 3.Nd2 Nf6 4.e5 Nfd7 5.Bd3 c5 6.c3 Nc6 7.Ne2 Qb6 8.Nf3 cxd4
9.cxd4 f6 10.exf6 Nxf6 11.O-O Bd6 12.b3 O-O 13.Be3 Ng4 14.Nc3 g6 15.h3 Nxe3
16.fxe3 Bd7 17.Qe1 Nb4 18.Qb1 Kg7 19.h4 Rac8 20.Rc1 e5 21.Be2 e4 22.Nd2 Qd8
23.a3 Qxh4 {#R} 0-1

[Event "It \"]
[Site "Copenhagen (Denmark)"]
[Date "2005.07.21"]
[Round "8"]
[White "Nielsen Morten (DEN)"]
[Black "Bergersen Robert (NOR)"]
[Result "1-0"]
[WhiteElo "2041"]
[BlackElo "1858"]

1.e4 e6 2.d4 d5 3.Nd2 Nf6 4.e5 Nfd7 5.Bd3 c5 6.c3 Nc6 7.Ne2 cxd4 8.cxd4 f6
9.exf6 Nxf6 10.O-O Bd6 11.Nf3 Qc7 12.Nc3 a6 13.a3 O-O 14.Bc2 Ng4 15.Bxh7+ Kxh7
16.Ng5+ Kg6 17.Qxg4 e5 18.Ne6+ {#r} 1-0

[Event "It (open) (juniors) (under 16)"]
[Site "Hengelo (Netherlands)"]
[Date "2005.08.10"]
[Round "5"]
[White "Kleinschmidt Ren"]
[Black "Kampman Tijmen (NED)"]
[Result "0-1"]
[WhiteElo "1458"]
[BlackElo "2124"]

1.e4 e6 2.d4 d5 3.Nd2 Nf6 4.e5 Nfd7 5.Bd3 c5 6.c3 Nc6 7.Ne2 cxd4 8.cxd4 f6
9.exf6 Nxf6 10.Nf3 Bd6 11.O-O O-O 12.Re1 Bd7 13.a3 Ng4 14.h3 Rxf3 15.gxf3 Qh4
16.hxg4 Qh2+ 17.Kf1 Qh3+ 18.Kg1 Bh2+ 19.Kh1 Bg3+ 20.Kg1 Qh2+ 21.Kf1 Qxf2# 0-1

[Event "It (open)"]
[Site "Polanica Zdroj (Poland)"]
[Date "2005.08.25"]
[Round "7"]
[White "Jaracz Barbara (POL)"]
[Black "Lutz Eric (FRA)"]
[Result "1-0"]
[WhiteElo "2281"]
[BlackElo "2176"]

1.e4 e6 2.d4 d5 3.Nd2 Nf6 4.e5 Nfd7 5.c3 c5 6.Bd3 Nc6 7.Ne2 cxd4 8.cxd4 f6
9.exf6 Nxf6 10.Nf3 Bd6 11.O-O Qc7 12.Nc3 a6 13.Bg5 O-O 14.Bh4 g6 15.Rc1 Qg7
16.Na4 Nh5 17.Nb6 Rb8 18.Bxa6 Rxf3 19.Qxf3 Nxd4 20.Qg4 bxa6 21.Rxc8+ Kf7
22.Bg3 Nxg3 23.fxg3+ Nf5 24.Qa4 Qh6 {#r} 1-0

[Event "It (open)"]
[Site "Hamburg (Germany)"]
[Date "2005.10.01"]
[Round "1"]
[White "Zieher Hartmut (GER)"]
[Black "Wagner Ralf (GER)"]
[Result "1-0"]
[WhiteElo "2217"]
[BlackElo "2106"]

1.e4 e6 2.d4 d5 3.Nd2 Nf6 4.e5 Nfd7 5.c3 c5 6.Bd3 Nc6 7.Ne2 cxd4 8.cxd4 f6
9.exf6 Qxf6 10.Nf3 h6 11.O-O Bd6 12.Be3 O-O 13.Bc2 Rd8 14.a3 Nf8 15.Qd2 Bd7
16.Bf4 Be8 17.Rfe1 Bh5 18.Ne5 Nxe5 19.dxe5 Bxe5 20.Bxe5 Qxe5 21.Ng3 Qd6
22.Nxh5 {#r} 1-0

[Event "It \"]
[Site "Berlin (Germany)"]
[Date "2005.10.10"]
[Round "5"]
[White "Lehmann Klaus (GER)"]
[Black "Pluemer Detlef (GER)"]
[Result "1-0"]
[WhiteElo "2361"]
[BlackElo "2255"]

1.e4 e6 2.d4 d5 3.Nd2 Nf6 4.e5 Nfd7 5.c3 c5 6.Bd3 Nc6 7.Ne2 cxd4 8.cxd4 f6
9.exf6 Nxf6 10.Nf3 Bd6 11.O-O Qc7 12.Bg5 O-O 13.Rc1 Ng4 14.Ng3 g6 15.Bb5 Bd7
16.Ne1 Bf4 17.Qxg4 Bxc1 18.Bxc1 e5 19.Qg5 {#r} 1-0

[Event "Czech League 2005/06 (2nd) (f)"]
[Site "Czech Republic"]
[Date "2005.10.16"]
[Round "1"]
[White "Rojicek Vojtech (CZE)"]
[Black "Stysiak Szymon (POL)"]
[Result "0-1"]
[WhiteElo "2175"]
[BlackElo "2203"]

1.e4 e6 2.d4 d5 3.Nd2 Nf6 4.e5 Nfd7 5.Bd3 c5 6.c3 Nc6 7.Ne2 cxd4 8.cxd4 f6
9.exf6 Nxf6 10.O-O Bd6 11.Nf3 Qc7 12.g3 O-O 13.Bf4 Ne4 14.Bxe4 dxe4 15.Ng5 e5
16.dxe5 Nxe5 17.Nxe4 Nf3+ 18.Kh1 Bxf4 19.Nxf4 Bg4 20.h3 Rxf4 21.hxg4 Rf7
22.Rc1 Qe7 23.Rc4 Qe6 {#R} 0-1

[Event "It (open)"]
[Site "Sainte Marie de la Reunion (France)"]
[Date "2005.10.20"]
[Round "7"]
[White "Marchon Kristoff"]
[Black "Ribotte Yannick (FRA)"]
[Result "1-0"]
[WhiteElo "1823"]
[BlackElo "1540"]

1.e4 e6 2.d4 d5 3.Nd2 Nf6 4.e5 Nfd7 5.Bd3 c5 6.c3 Nc6 7.Ne2 cxd4 8.cxd4 Bb4
9.O-O f6 10.f4 O-O 11.Nf3 fxe5 12.fxe5 Qb6 13.Be3 Be7 14.a3 Qxb2 15.Nf4 Nb6
16.Nh3 Nc4 17.Bxh7+ Kxh7 18.Nfg5+ Kg6 19.Nf4+ Kxg5 20.Qh5# 1-0

[Event "Ch Indre et Loire"]
[Site "France"]
[Date "2005.10.30"]
[Round "1"]
[White "Andrieu Philippe (FRA)"]
[Black "Pimbert Jerome (FRA)"]
[Result "0-1"]
[WhiteElo "1992"]
[BlackElo "1914"]

1.e4 e6 2.d4 d5 3.Nd2 Nf6 4.e5 Nfd7 5.Ndf3 c5 6.c3 Nc6 7.Bd3 f6 8.exf6 Nxf6
9.Ne2 cxd4 10.cxd4 Bd6 11.O-O O-O 12.Bf4 Bxf4 13.Nxf4 Qd6 14.Ne2 Bd7 15.Re1
Rae8 16.Qb3 Bc8 17.Ng3 e5 18.dxe5 Nxe5 19.Nxe5 Rxe5 20.Rxe5 Qxe5 21.f3 Kh8
22.Qc3 Qe3+ 23.Kf1 Ng4 {#R} 0-1

[Event "It \"]
[Site "Venice (Italy)"]
[Round "4"]
[White "Fattorelli Luciano (ITA)"]
[Black "Rigo Gianfrancesco (ITA)"]
[Result "0-1"]
[WhiteElo "2079"]
[BlackElo "2028"]

1.e4 e6 2.d4 d5 3.Nd2 Nf6 4.e5 Nfd7 5.Bd3 c5 6.c3 Nc6 7.Ne2 cxd4 8.cxd4 f6
9.exf6 Nxf6 10.Nf3 Bd6 11.Bf4 Bxf4 12.Nxf4 O-O 13.g3 Qa5+ 14.Kf1 Ne4 15.h4 Qb6
16.Bc2 Bd7 17.Kg2 Rac8 18.Rf1 Qc7 19.Nd3 Rxf3 {#R} 0-1

[Event "It (open)"]
[Site "Gdansk (Poland)"]
[Date "2005.11.10"]
[Round "3"]
[White "Bugalski Michal (POL)"]
[Black "Tyda Beata (POL)"]
[Result "1-0"]
[WhiteElo "2220"]
[BlackElo "1902"]

1.e4 e6 2.d4 d5 3.Nd2 Nf6 4.e5 Nfd7 5.Bd3 c5 6.c3 Nc6 7.Ne2 cxd4 8.cxd4 Qb6
9.Nf3 f6 10.exf6 Nxf6 11.O-O Bd6 12.Nc3 O-O 13.Bg5 Bd7 14.Re1 Ng4 15.Bh4 Rf7
16.Bxh7+ Kh8 17.Ng5 Rf4 18.Bg3 Nxf2 19.Qh5 Qxd4 20.Nf7+ Rxf7 21.Bg6+ Kg8
22.Qh7+ Kf8 23.Bxd6+ Ke8 {#r} 1-0

[Event "It (open)"]
[Site "Santo-Domingo (Dominicana)"]
[Date "2005.11.24"]
[Round "1"]
[White "Estrada Nieto Julian (MEX)"]
[Black "Pircher Karl (ITA)"]
[Result "1-0"]
[WhiteElo "2351"]
[BlackElo "2018"]

1.e4 e6 2.d4 d5 3.Nd2 Nf6 4.e5 Nfd7 5.Bd3 c5 6.c3 Nc6 7.Ne2 Qb6 8.Nf3 cxd4
9.cxd4 f6 10.exf6 Nxf6 11.O-O Bd6 12.b3 O-O 13.Bb2 Bd7 14.Rc1 Be8 15.Ng3 Be7
16.Qe2 Bf7 17.Ne5 Nxe5 18.dxe5 Nd7 19.Rfe1 {#r} 1-0